| Tag |
First Indicator |
Second Indicator |
Subfields |
| LEADER |
00000cam a2200000 4500 |
| 001 |
in00000044898 |
| 005 |
20151007065124.0 |
| 008 |
770103s1932 onc b f00000 eng |
| 010 |
|
|
|a 32034258
|
| 035 |
|
|
|a (OCoLC)02657753
|
| 035 |
|
|
|9 AAE1330AM
|
| 040 |
|
|
|a DLC
|c NJB
|d TXA
|d UtOrBLW
|
| 043 |
|
|
|a n-cn---
|
| 049 |
|
|
|a TXAM
|c [107018]
|
| 050 |
|
0 |
|a QE185
|b .A2 Index
|
| 092 |
|
|
|a 557.1
|b C212i
|
| 110 |
2 |
|
|a Geological Survey of Canada.
|
| 245 |
1 |
0 |
|a Index to Memoirs, 1910-1926; Bulletins, 1913-1926; Summary reports, 1917-1926; Sessional papers (administrative) 1921-1926 /
|c Compiled by Frank Nicolas.
|
| 264 |
|
1 |
|a Ottawa :
|b F. A. Acland, printer to the King,
|c 1932.
|
| 300 |
|
|
|a vii, 666 pages ;
|c 25 cm.
|
| 336 |
|
|
|a text
|b txt
|2 rdacontent
|
| 337 |
|
|
|a unmediated
|b n
|2 rdamedia
|
| 338 |
|
|
|a volume
|b nc
|2 rdacarrier
|
| 500 |
|
|
|a At head of title: Canada Department of mines. Hon. W. A. Gordon, minister; Charles Camsell, deputy minister. Geological survey, Canada. W. H. Collins, director.
|
| 610 |
1 |
0 |
|a Geological Survey of Canada
|x Bibliography.
|
| 650 |
|
0 |
|a Geology
|z Canada
|v Bibliography.
|
| 651 |
|
0 |
|a Canada
|x Government publications
|x Bibliography.
|
| 700 |
1 |
|
|a Nicolas, F. J.
|q (Frank J.)
|
| 730 |
0 |
|
|a Memoir (Geological Survey of Canada)
|
| 730 |
0 |
|
|a Bulletin (Geological Survey of Canada)
|
| 710 |
2 |
|
|a Geological Survey of Canada.
|t Summary report.
|
| 710 |
1 |
|
|a Canada.
|b Parliament.
|t Sessional papers.
|
| 999 |
|
|
|a MARS
|
| 999 |
f |
f |
|s 07052689-bc98-356f-978a-ca24cb118542
|i 8f774a6a-d452-3896-a05f-c20fa01e53d8
|t 0
|
| 952 |
f |
f |
|p ric
|a Texas A&M University
|b Rellis Campus
|c Joint Library Facility
|d Remote Storage
|t 0
|e QE185 .A2 Index
|h Library of Congress classification
|i unmediated -- volume
|m A14800961902
|
| 998 |
f |
f |
|a QE185 .A2 Index
|t 0
|l Remote Storage
|